25 Countries by Lowest Point - Statistics

General Stats
  • This quiz has been taken 45 times
    24 since last reset
  • The average score is 13 of 25
Answer Stats
Altitude Answer % Correct
-86 m United States of America
80%
-408 m Israel
75%
-7 m Netherlands
75%
-154 m China
70%
-133 m Egypt
70%
-408 m Jordan
70%
-28 m Russia
70%
-40 m Algeria
65%
-15 m Australia
65%
-105 m Argentina
60%
-47 m Libya
60%
-10 m Mexico
55%
-55 m Morocco
55%
-7 m Denmark
50%
-28 m Iran
50%
-200 m Syria
50%
-125 m Ethiopia
45%
-12 m Uzbekistan
45%
-132 m Kazakhstan
40%
-5 m Mauritania
40%
-17 m Tunisia
40%
-28 m Azerbaijan
20%
-155 m Djibouti
20%
-75 m Eritrea
20%
-46 m Dominican Republic
0%
No matching quizzes found
Score Distribution
Percent of People with Each Score
Percentile by Number Answered
Your Score History
You have not taken this quiz since the last reset